[Event "Teplice op 10th"]
[Site "Teplice"]
[Date "2015.06.19"]
[Round "7"]
[White "Hanzlik, Tomas"]
[Black "Piskac, Marek"]
[Result "0-1"]
[WhiteElo "1815"]
[BlackElo "1551"]
[PlyCount "136"]
[EventDate "2015.06.13"]
[EventType "swiss"]
[EventRounds "9"]
[EventCountry "CZE"]
[SourceTitle "EXT 2017"]
[Source "ChessBase"]
[SourceDate "2016.10.25"]
[SourceVersion "1"]
[SourceVersionDate "2016.10.25"]
[SourceQuality "1"]

1. e4 c5 2. Nf3 e6 3. d4 cxd4 4. Nxd4 a6 5. Nc3 Qc7 6. Be2 Nf6 7. 0-0 b5 8. a3 Bb7 9. Qd3 Be7 10. f4 d6 11. Bf3 Nbd7 12. Nb3 Nc5 13. Nxc5 dxc5 14. e5 Rd8 15. Qe2 Nd5 16. Nxd5 Bxd5 17. Bxd5 Rxd5 18. c4 bxc4 19. Qxc4 0-0 20. Qxa6 Rfd8 21. Be3 c4 22. Rac1 Bc5 23. Bxc5 Qxc5+ 24. Kh1 Rd4 25. Qa4 Qd5 26. Rg1 c3 27. Qc2 cxb2 28. Qxb2 Rxf4 29. h3 h6 30. Rgf1 Rxf1+ 31. Rxf1 Qd3 32. Rf3 Qd2 33. Qb5 Qd5 34. a4 Qxb5 35. axb5 Rd1+ 36. Kh2 Rb1 37. g4 Rxb5 38. Kg3 Rxe5 39. Rd3 Rd5 40. Rc3 Rd1 41. Re3 Kh7 42. h4 Kg6 43. Kf4 Rd4+ 44. Kg3 Kf6 45. Rf3+ Ke7 46. Re3 g6 47. Kh3 f5 48. gxf5 gxf5 49. Re2 h5 50. Re3 Re4 51. Rg3 Rg4 52. Re3 Kf6 53. Ra3 Rg7 54. Ra4 Re7 55. Ra6 f4 56. Kg2 Kf5 57. Kf3 Rg7 58. Ra5+ e5 59. Ra8 Rg3+ 60. Kf2 Rh3 61. Rg8 Rxh4 62. Rg2 Rg4 63. Rh2 h4 64. Rh3 e4 65. Kf1 e3 66. Ke2 Ke4 67. Kf1 f3 68. Ke1 Rg1# 0-1

[Event "Teplice op 10th"]
[Site "Teplice"]
[Date "2015.06.17"]
[Round "5"]
[White "Mindl, Josef"]
[Black "Hanzlik, Tomas"]
[Result "1/2-1/2"]
[WhiteElo "2050"]
[BlackElo "1815"]
[PlyCount "61"]
[EventDate "2015.06.13"]
[EventType "swiss"]
[EventRounds "9"]
[EventCountry "CZE"]
[SourceTitle "EXT 2017"]
[Source "ChessBase"]
[SourceDate "2016.10.25"]
[SourceVersion "1"]
[SourceVersionDate "2016.10.25"]
[SourceQuality "1"]

1. e4 c5 2. Nf3 e6 3. c3 d5 4. exd5 Qxd5 5. d4 Nf6 6. Bd3 Be7 7. 0-0 0-0 8. Be3 cxd4 9. cxd4 Nc6 10. Nc3 Qd8 11. a3 b6 12. Rc1 Bb7 13. Qe2 Rc8 14. Rfd1 Qc7 15. b4 Qb8 16. Bb1 Rfd8 17. Bg5 Nd5 18. Qe4 g6 19. Nxd5 Rxd5 20. Qh4 Bf8 21. Ba2 Rd7 22. d5 exd5 23. Bxd5 Ne5 24. Bxb7 Rxc1 25. Rxc1 Rxb7 26. Nxe5 Qxe5 27. Bf6 Rc7 28. Rf1 Qe6 29. h3 Be7 30. Bxe7 Rxe7 31. Rc1 1/2-1/2

[Event "Teplice op 10th"]
[Site "Teplice"]
[Date "2015.06.14"]
[Round "2"]
[White "Zahour, Ivan"]
[Black "Hanzlik, Tomas"]
[Result "1/2-1/2"]
[WhiteElo "2058"]
[BlackElo "1815"]
[PlyCount "69"]
[EventDate "2015.06.13"]
[EventType "swiss"]
[EventRounds "9"]
[EventCountry "CZE"]
[SourceTitle "EXT 2017"]
[Source "ChessBase"]
[SourceDate "2016.10.25"]
[SourceVersion "1"]
[SourceVersionDate "2016.10.25"]
[SourceQuality "1"]

1. c4 c5 2. Nc3 g6 3. g3 Nf6 4. Bg2 Bg7 5. Nf3 Nc6 6. 0-0 0-0 7. d3 a6 8. Rb1 Rb8 9. Bf4 d6 10. Qd2 b5 11. Bh6 bxc4 12. dxc4 Bf5 13. Bxg7 Kxg7 14. Rbd1 Ne4 15. Qd3 Nxc3 16. Qxc3+ Kg8 17. Nh4 Bd7 18. f4 Nd4 19. Rd2 Qc8 20. e3 Nf5 21. Nf3 Ng7 22. e4 Bh3 23. Re1 Bxg2 24. Rxg2 Re8 25. g4 e6 26. Rd1 Qb7 27. Qd3 f5 28. gxf5 exf5 29. exf5 Nxf5 30. Qxf5 Qxf3 31. Rxg6+ hxg6 32. Qxg6+ Kh8 33. Qh6+ Kg8 34. Qg6+ Kh8 35. Qh6+ 1/2-1/2

[Event "CZE-chT2B 1415"]
[Site "Czech Republic"]
[Date "2015.02.22"]
[Round "8.8"]
[White "Hanzlik, Tomas"]
[Black "Stolc, Martin"]
[Result "0-1"]
[WhiteElo "1663"]
[BlackElo "2006"]
[PlyCount "68"]
[EventDate "2014.11.02"]
[EventType "team-tourn"]
[EventRounds "11"]
[EventCountry "CZE"]
[SourceTitle "EXT 2022"]
[Source "ChessBase"]
[SourceDate "2021.10.06"]
[SourceVersion "1"]
[SourceVersionDate "2021.10.06"]
[SourceQuality "1"]
[WhiteTeam "Most Chess"]
[BlackTeam "Jicin III"]
[WhiteTeamCountry "CZE"]
[BlackTeamCountry "CZE"]

1. e4 d6 2. d4 g6 3. Nc3 Bg7 4. Be3 e5 5. dxe5 Bxe5 6. Qd2 Nc6 7. f4 Bxc3 8. Qxc3 Qf6 9. Bd2 h6 10. Qxf6 Nxf6 11. Bc3 Ke7 12. Bd3 Re8 13. Bxf6+ Kxf6 14. a3 Bf5 15. Ne2 Bxe4 16. Bxe4 Rxe4 17. Kf2 Rae8 18. Rhe1 Nd8 19. g3 c6 20. Rad1 d5 21. c3 h5 22. Rd2 Ne6 23. Red1 Nc5 24. Nd4 h4 25. Kf1 hxg3 26. hxg3 Rh8 27. Kg2 Re3 28. Kf2 Ree8 29. Kg2 Ne4 30. Rc2 Rh5 31. Nf3 Reh8 32. Nh4 Nxg3 33. Nxg6 fxg6 34. Kxg3 Rh3+ 0-1

[Event "Czech Fed-ch U16"]
[Site "Hrdonov"]
[Date "2013.10.29"]
[Round "4"]
[White "Jandl, Vojtech"]
[Black "Hanzlik, Tomas"]
[Result "1/2-1/2"]
[WhiteElo "1891"]
[BlackElo "1622"]
[PlyCount "48"]
[EventDate "2013.10.26"]
[EventType "swiss"]
[EventRounds "9"]
[EventCountry "CZE"]
[SourceTitle "EXT 2016"]
[Source "ChessBase"]
[SourceDate "2015.10.08"]
[SourceVersion "1"]
[SourceVersionDate "2015.10.08"]
[SourceQuality "1"]

1. e4 c6 2. d4 d5 3. exd5 cxd5 4. Bd3 Nc6 5. c3 Qc7 6. Nf3 Bg4 7. Nbd2 Nf6 8. h3 Bh5 9. Qa4 Nd7 10. Bb5 e6 11. 0-0 Bg6 12. Ne5 Ndxe5 13. dxe5 Bc5 14. Nf3 0-0 15. Bf4 a6 16. Be2 b5 17. Qd1 f6 18. Nd4 Bxd4 19. cxd4 fxe5 20. Bg3 Qd7 21. dxe5 Ne7 22. Rc1 Rac8 23. Qd2 Rxc1 24. Rxc1 h6 1/2-1/2

[Event "Teplice op 8th"]
[Site "Teplice"]
[Date "2013.06.21"]
[Round "7"]
[White "Hanzlik, Tomas"]
[Black "Steinhart, Roel"]
[Result "1-0"]
[WhiteElo "1637"]
[BlackElo "1575"]
[PlyCount "83"]
[EventDate "2013.06.15"]
[EventType "swiss"]
[EventRounds "9"]
[EventCountry "CZE"]
[SourceTitle "CBM 155 Extra"]
[Source "ChessBase"]
[SourceDate "2013.08.26"]
[SourceVersion "1"]
[SourceVersionDate "2013.08.26"]
[SourceQuality "1"]

1. Nf3 c6 2. c4 d5 3. cxd5 Qxd5 4. Nc3 Qd6 5. d4 Bg4 6. g3 Bxf3 7. exf3 e5 8. dxe5 Qxe5+ 9. Be2 Bb4 10. Bd2 Nd7 11. 0-0 Ne7 12. f4 Qa5 13. a3 Bxc3 14. Bxc3 Qb6 15. Bxg7 Rg8 16. Bd4 Qc7 17. Qd2 Nf5 18. Rfe1 0-0-0 19. Bxa7 Nf6 20. Qb4 Nd5 21. Qe4 Qxf4 22. Qxf4 Nxf4 23. Kf1 Nd5 24. Bc4 Nh6 25. Rad1 Kc7 26. Bxd5 Rxd5 27. Rxd5 cxd5 28. Bc5 Kc6 29. Bb4 Ng4 30. f3 Nh6 31. Kf2 Nf5 32. Rc1+ Kd7 33. Rc5 Ke6 34. Rc7 Rb8 35. f4 Nd4 36. Re7+ Kf6 37. Rd7 Ke6 38. Rd6+ Kf5 39. Rxd5+ Ke4 40. Rd7 Rc8 41. Bc3 Nf3 42. Re7+ 1-0

[Event "Czech Fed-ch U16"]
[Site "Hrdonov"]
[Date "2012.10.25"]
[Round "7"]
[White "Tuma, Jan"]
[Black "Hanzlik, Tomas"]
[Result "1/2-1/2"]
[WhiteElo "1738"]
[BlackElo "1667"]
[PlyCount "153"]
[EventDate "2012.10.20"]
[EventType "swiss"]
[EventRounds "9"]
[EventCountry "CZE"]
[SourceTitle "CBM 151 Extra"]
[Source "ChessBase"]
[SourceDate "2012.12.18"]
[SourceVersion "1"]
[SourceVersionDate "2012.12.18"]
[SourceQuality "1"]

1. e4 e5 2. Nf3 Nc6 3. Bb5 a6 4. Bxc6 dxc6 5. Nc3 Bc5 6. d3 Qd6 7. 0-0 Ne7 8. Kh1 Bg4 9. Qe2 0-0-0 10. Nd1 Qf6 11. Ne3 Bxf3 12. Qxf3 Qxf3 13. gxf3 g6 14. Nc4 f6 15. Bh6 Rhg8 16. f4 exf4 17. Bxf4 g5 18. Be3 Bd6 19. f4 gxf4 20. Bxf4 Rg6 21. Rf2 b5 22. Bxd6 cxd6 23. Ne3 Kd7 24. a4 b4 25. Raf1 Ng8 26. Rf5 Rf8 27. Ra5 Ra8 28. Nc4 Kc7 29. Rh5 h6 30. b3 Rg5 31. Rf5 Re8 32. Rhxg5 hxg5 33. Kg1 Re6 34. Kf2 Ne7 35. Rf3 Ng6 36. Kg3 Nh4 37. Rf2 Kd7 38. Kg4 Ng6 39. Rf5 Nh4 40. Ra5 d5 41. exd5 cxd5 42. Rxd5+ Kc6 43. Ra5 Kb7 44. Rc5 Re2 45. h3 Rg2+ 46. Kh5 Rh2 47. Kg4 Rg2+ 48. Kh5 Rh2 49. Nd6+ Kb6 50. d4 Rxh3 51. a5+ Ka7 52. Kg4 Rh1 53. Rc7+ Kb8 54. Rb7+ Ka8 55. Rxb4 Rg1+ 56. Kh3 Nf3 57. d5 Ka7 58. Nc8+ Ka8 59. Ne7 g4+ 60. Rxg4 Ng5+ 61. Kh4 Nf3+ 62. Kh5 Rh1+ 63. Kg6 Ne5+ 64. Kf5 Rh5+ 65. Kf4 Nxg4 66. Kxg4 Re5 67. d6 Kb7 68. d7 Re4+ 69. Kf5 Rd4 70. Ke6 Kc7 71. Nd5+ Kd8 72. Nxf6 Rd2 73. c4 Rd3 74. Nd5 Rd2 75. c5 Re2+ 76. Kd6 Re6+ 77. Kxe6 1/2-1/2

[Event "Czech Fed-ch U16"]
[Site "Hrdonov"]
[Date "2012.10.22"]
[Round "3"]
[White "Hanzlik, Tomas"]
[Black "Melichar, Vojtech"]
[Result "1/2-1/2"]
[WhiteElo "1667"]
[BlackElo "1815"]
[PlyCount "38"]
[EventDate "2012.10.20"]
[EventType "swiss"]
[EventRounds "9"]
[EventCountry "CZE"]
[SourceTitle "CBM 151 Extra"]
[Source "ChessBase"]
[SourceDate "2012.12.18"]
[SourceVersion "1"]
[SourceVersionDate "2012.12.18"]
[SourceQuality "1"]

1. Nf3 f5 2. d4 e6 3. c4 d5 4. Nc3 Nf6 5. g3 c6 6. cxd5 cxd5 7. Bg2 Be7 8. 0-0 0-0 9. Bf4 Nc6 10. Rc1 Ne4 11. Ne5 Bd7 12. Nxe4 fxe4 13. f3 exf3 14. Rxf3 Nxe5 15. Bxe5 Rc8 16. Rfc3 Rxc3 17. Rxc3 Bc6 18. a3 Qd7 19. e3 Rc8 1/2-1/2

[Event "CZE-chTW U20 1112"]
[Site "Czech Republic"]
[Date "2011.10.15"]
[Round "2.6"]
[White "Hanzlik, Tomas"]
[Black "Pychova, Nela"]
[Result "1/2-1/2"]
[WhiteElo "1462"]
[BlackElo "1701"]
[PlyCount "53"]
[EventDate "2011.10.15"]
[EventType "team-tourn"]
[EventRounds "7"]
[EventCountry "CZE"]
[SourceTitle "EXT 2013"]
[Source "ChessBase"]
[SourceDate "2012.11.22"]
[SourceVersion "1"]
[SourceVersionDate "2012.11.22"]
[SourceQuality "1"]
[WhiteTeam "Most"]
[BlackTeam "Vlasim"]
[WhiteTeamCountry "CZE"]
[BlackTeamCountry "CZE"]

1. Nf3 d5 2. d4 Nf6 3. g3 Bf5 4. Bg2 e6 5. 0-0 Be7 6. b3 0-0 7. Bb2 Nbd7 8. Nbd2 c5 9. c4 Bg6 10. Nh4 Nb6 11. Nxg6 hxg6 12. e3 Rc8 13. Rc1 Qd7 14. cxd5 Nfxd5 15. dxc5 Rxc5 16. Rxc5 Bxc5 17. Ne4 Be7 18. Qd2 Rd8 19. Rd1 f5 20. Qd4 Bf6 21. Nxf6+ gxf6 22. Qd2 Kg7 23. Qe2 Qc7 24. Rc1 Qd7 25. Rd1 Qc7 26. Rc1 Qd7 27. Rd1 1/2-1/2

[Event "CZE Czechia-ch U12"]
[Site "Harrachov"]
[Date "2009.10.24"]
[Round "1"]
[White "Hanzlik, Tomas"]
[Black "Vlach, Daniel"]
[Result "1/2-1/2"]
[WhiteElo "1438"]
[BlackElo "1100"]
[PlyCount "26"]
[EventDate "2009.10.24"]
[EventType "swiss"]
[EventRounds "9"]
[EventCountry "CZE"]
[SourceTitle "EXT 2012"]
[Source "ChessBase"]
[SourceDate "2011.11.24"]
[SourceVersion "1"]
[SourceVersionDate "2011.11.24"]
[SourceQuality "1"]

1. e4 d5 2. exd5 Nf6 3. Nf3 Bg4 4. Be2 Qxd5 5. Nc3 Qd8 6. d4 Nc6 7. Be3 e6 8. a3 h6 9. 0-0 Bd6 10. Re1 g6 11. Qd3 Bf5 12. Qd2 Bg4 13. Bf4 Qd7 1/2-1/2